An introduction to stylistics: (Record no. 178700)

MARC details
000 -LEADER
fixed length control field 00738nam a22002057a 4500
005 - DATE AND TIME OF LATEST TRANSACTION
control field 20210412111414.0
010 ## - LCCN (DPL NO)
LC control number B-739771
020 ## - INTERNATIONAL STANDARD BOOK NUMBER
International Standard Book Number 9788125036784
Terms of availability 195.00
035 ## - SYSTEM CONTROL NUMBER
System control number B-739771
037 ## - SOURCE OF ACQUISITION
Source of stock number/acquisition Gift
082 ## - DEWEY DECIMAL CLASSIFICATION NUMBER
Classification number 808.042
100 ## - MAIN ENTRY--PERSONAL NAME
Personal name Misra, Partha Sarathi
245 ## - TITLE STATEMENT
Title An introduction to stylistics:
Remainder of title theory and practice /
Statement of responsibility, etc by Partha Sarathi Misra
260 ## - PUBLICATION, DISTRIBUTION, ETC. (IMPRINT)
Place of publication, distribution, etc New Delhi
Name of publisher, distributor, etc Orient Blackswan
Date of publication, distribution, etc 2012
270 ## - ADDRESS
Address 1/24, Asaf Ali Road
City New Delhi
Postal code 110002
300 ## - PHYSICAL DESCRIPTION
Extent 150p.
Dimensions 21cm(pbk)
500 ## - GENERAL NOTE
General note includes bibliographical references and index
942 ## - ADDED ENTRY ELEMENTS (KOHA)
Source of classification or shelving scheme Dewey Decimal Classification
Item type English Books
Call number suffix MIS
Classification part 808.042
Holdings
Withdrawn status Lost status Not for loan Collection code Home library Current library Date acquired Source of acquisition Cost, normal purchase price Full call number Barcode Copy number Cost, replacement price Koha item type Public note
      Non-fiction Central Library Central Library 12/04/2021 Gift/Eng/05-04-2021 195.00 808.042 MIS B-739771 1 195.00 English Books Gift

© Delhi Public Library
Hit Counter
free hit counter